The vanishing marginals and electoral responsiveness (Record no. 22115)

000 -LEADER
fixed length control field 00406pab a2200145 454500
008 - FIXED-LENGTH DATA ELEMENTS--GENERAL INFORMATION
fixed length control field 180718b xxu||||| |||| 00| 0 eng d
100 ## - MAIN ENTRY--PERSONAL NAME
Personal name Ansolabehere, Stephen
245 ## - TITLE STATEMENT
Title The vanishing marginals and electoral responsiveness
650 ## - SUBJECT ADDED ENTRY--TOPICAL TERM
Topical term or geographic name entry element Votting
650 ## - SUBJECT ADDED ENTRY--TOPICAL TERM
Topical term or geographic name entry element Elections - U.S.A.
700 ## - ADDED ENTRY--PERSONAL NAME
Personal name Fiorina, Morris
700 ## - ADDED ENTRY--PERSONAL NAME
Personal name Brady, David
773 ## - HOST ITEM ENTRY
Main entry heading British Journal of Political Science
909 ## -
-- 22115
Holdings
Withdrawn status Lost status Damaged status Not for loan Permanent Location Current Location Date acquired Serial Enumeration / chronology Barcode Date last seen Price effective from Koha item type
        Indian Institute of Public Administration Indian Institute of Public Administration 2018-07-19 Issue no: 22(1) Jan.92, p.21-38 AR22184 2018-07-19 2018-07-19 Articles

Powered by Koha